Love not the world / (Record no. 7004)
[ view plain ]
| 000 -LEADER | |
|---|---|
| fixed length control field | 00550nam a2200205Ka 4500 |
| 001 - CONTROL NUMBER | |
| control field | 495353186 |
| 003 - CONTROL NUMBER IDENTIFIER | |
| control field | OCoLC |
| 005 - DATE AND TIME OF LATEST TRANSACTION | |
| control field | 20190122132406.0 |
| 008 - FIXED-LENGTH DATA ELEMENTS--GENERAL INFORMATION | |
| fixed length control field | 091229s19uu pau 000 0 eng d |
| 035 ## - SYSTEM CONTROL NUMBER | |
| System control number | (OCoLC)495353186 |
| 040 ## - CATALOGING SOURCE | |
| Original cataloging agency | CIRBC |
| Transcribing agency | CIRBC |
| 082 ## - DEWEY DECIMAL CLASSIFICATION NUMBER | |
| Classification number | 248.2 |
| Item number | N372L |
| 092 ## - LOCALLY ASSIGNED DEWEY CALL NUMBER (OCLC) | |
| Classification number | 248.46 |
| Item number | N372L |
| 100 1# - MAIN ENTRY--PERSONAL NAME | |
| Personal name | Nee, Watchman. |
| 245 10 - TITLE STATEMENT | |
| Title | Love not the world / |
| Statement of responsibility, etc. | Watchman Nee. |
| 260 ## - PUBLICATION, DISTRIBUTION, ETC. | |
| Place of publication, distribution, etc. | Fort Washington, PA : |
| Name of publisher, distributor, etc. | Christian Literature Crusade, |
| Date of publication, distribution, etc. | [19??]. |
| 300 ## - PHYSICAL DESCRIPTION | |
| Extent | vii, 94 p. ; |
| Dimensions | 19 cm. |
| 650 00 - SUBJECT ADDED ENTRY--TOPICAL TERM | |
| Topical term or geographic name entry element | Christian life. |
| 942 ## - ADDED ENTRY ELEMENTS (KOHA) | |
| Source of classification or shelving scheme | Dewey Decimal Classification |
| Koha item type | Books |
| Withdrawn status | Lost status | Source of classification or shelving scheme | Damaged status | Not for loan | Collection code | Home library | Current library | Shelving location | Date acquired | Cost, normal purchase price | Total Checkouts | Full call number | Barcode | Date last seen | Price effective from | Koha item type |
|---|---|---|---|---|---|---|---|---|---|---|---|---|---|---|---|---|
| Dewey Decimal Classification | Non-fiction | Harvest Mission College | Harvest Mission College | General Stacks | 22.01.2019 | 450.00 | 248.2 N372L | 007846 | 22.01.2019 | 22.01.2019 | Books |
